| 000 | 01076nam a2200253 a 4500 | ||
|---|---|---|---|
| 001 | 37856 | ||
| 003 | BD-RjUL | ||
| 005 | 20211209052653.0 | ||
| 008 | 150817s1973 ii 00010 bbend | ||
| 035 | _a(BD-RjUL)37961 | ||
| 040 |
_aBD-RjUL _cBD-RjUL _bben |
||
| 041 | _aben | ||
| 082 |
_223 _a954.14 _bBAN |
||
| 245 |
_aবাংলাদেশের ইতিহাস / _cরমেশ চন্দ্র মজুমদার ...[এবং অন্যান্য] |
||
| 250 | _a২য় সং. | ||
| 260 |
_aকলিকাতা : _bজেনারেল পাবলিশার্স, _c১৯৭৩ |
||
| 300 |
_a খণ্ড ; _c২১ সেমি. |
||
| 500 | _aনির্ঘন্ট সংযুক্ত । | ||
| 505 | _aখণ্ড. ২য় মধ্যযুগ-- খণ্ড. ৪র্থ মুক্তি সংগ্রাম-- | ||
| 650 |
_aবাংলাদেশ _vইতিহাস _9117208 |
||
| 650 |
_aBangladesh _vHistory _9117209 |
||
| 700 |
_aমজুমদার, রমেশচন্দ্র _9224887 |
||
| 942 |
_2ddc _cBK |
||
| 999 |
_c37856 _d37856 |
||